=LDR 00000nam 2200000 4500 =001 INLIS00000000000090 =005 20260702043538 =020 ##$$a 978-623-92995-8-3 =082 ##$$a 006.584 =100 1#$$a Ara, Sabrina =245 1 $$a Sayangi Dirimu, Berhentilah Menyenangkan Semua Orang /$c Sabrina Ara =300 ##$$a vi+170 ; 14x20 cm